000 008680000a22002890004500
001 old003360
003 AR-NuBCU
008 070307s2005||||########|####|0||0||es#u
020 _a987-1087-57-8
082 _a352 P 138
100 1 _aPaglietta, Darío Omar
245 _aDistribución de recursos estatales: lamentos, tribulaciones y ocaso de un sistema injusto
260 _aRosario :
_bNova Tesis,
_c2005
300 _a287 p.
_b23 cm
500 _aINVENTARIO N° 004333
500 _a4333 INVENTARIO
653 _aDERECHO MUNICIPAL
653 _aRECURSOS PUBLICOS-ARGENTINA
653 _aARGENTINA-RECURSOS PUBLICOS
653 _aAUTONOMIA MUNICIPAL
653 _aMUNICIPIOIS
653 _aFONDOS REGIONALES
653 _aJUSTICIA INTER MUNICIPAL
653 _aPAGO DE TRIBUTOS-EVASION
653 _aEVASION-PAGOS DE TRIBUTOS
942 _2ddc
_cBK
999 _c3352
_d3352